Mengzi zi yi shu zheng /

Saved in:
Bibliographic Details
Main Author: Dai, Zhen, 1724-1777.
Format: Book
Language:Chinese
Published: Shanghai : Qian qing tang shu ju, [1926]
Subjects:
Tags: Add Tag
No Tags, Be the first to tag this record!
LEADER 00764cam a2200229ua 4500
001 007738663-9
005 20024617105648.0
008 930107s1926 cc 000 0 chi d
035 0 |a ocm27738521 
040 |a CaBVaU  |c CaBVaU  |d OCoLC  |d *YNH*  |d CStRLIN 
100 1 |6 880-01  |a Dai, Zhen,  |d 1724-1777. 
245 1 0 |6 880-02  |a Mengzi zi yi shu zheng /  |c Dai Zhen zhuan. 
260 |6 880-03  |a Shanghai :  |b Qian qing tang shu ju,  |c [1926] 
300 |a 2 v. 
500 |a On double leaves, oriental style, in case. 
600 0 0 |6 880-04  |a Mencius.  |t Mengzi. 
880 1 |6 100-01  |a 戴震,  |d 1724-1777. 
880 1 0 |6 245-02  |a 孟子字義疏證 /  |c 戴震撰. 
880 |6 260-03  |a 上海 :  |b 千傾堂書局,  |c [1926] 
880 0 0 |6 600-04  |a Mencius.  |t 孟子. 
988 |a 20021103 
906 |0 OCLC